000 00283nam a2200121Ia 4500
008 231129s9999||||xx |||||||||||||| ||spa||
040 _bspa
082 _a597.0921 G726m
100 _aGraaf Frank de
245 0 _aMaravillas del Mar
264 _aEdiciones Gaisa
942 _2ddc
_cBKS
999 _c20618
_d20618